000 00645nam a2200265Ia 4500
005 20260306164258.0
008 008 260114s9999 xx 000 0 eng d
020 _a9780300268577
037 _aEBOOK
040 _aCRL
040 _beng
040 _cCRL
041 _2eng
041 _aeng
084 _qCRL
100 _aField
245 4 _aThe Economic Consequences Of U.S. Mobilization For The Second World War
260 _bYale University Press
260 _c2023
650 _aEconomics & Finance
856 _uhttps://academic.oup.com/book/46394
942 _cEBOOK
999 _c1713480
_d1713480